000 00357nam a2200157Ia 4500
003 Ost
005 20260225132541.0
008 260225s9999||||xx |||||||||||||| ||und||
040 _cfsic
041 _afre
082 _a70.4
100 _aClaude janet
_eAuteur
245 0 _aLes stratégies de l'information /
245 0 _cClaude janet
942 _cكتاب
999 _c33510
_d33510